Využitie výpočtovej techniky v MTZ na prevádzkovej údržbe Centrálne prekladisko rúd záverečná práca postgraduálneho štúdia

Salvato in:
Dettagli Bibliografici
Autore principale: Domaracký, Zoltán
Ente Autore: Vysoká škola ekonomická v Bratislave
Altri autori: Kafková, Eva
Natura: Libro
Lingua:slovacco
Pubblicazione: Košice 1991
Tags: Aggiungi Tag
Nessun Tag, puoi essere il primo ad aggiungerne!!

MARC

LEADER 00000nam a2200000 4500
001 c025486
005 20260108101825.1
041 0 |a slo 
044 |a SK 
245 1 0 |a Využitie výpočtovej techniky v MTZ na prevádzkovej údržbe Centrálne prekladisko rúd  |b záverečná práca postgraduálneho štúdia  |c Zoltán Domaracký ; ved. práce Eva Kafková 
264 1 |a Košice  |c 1991 
300 |a 65 s. 
100 1 |a Domaracký, Zoltán 
700 1 |a Kafková, Eva 
710 2 |a Vysoká škola ekonomická v Bratislave